| 000 | 00484nam a2200157Ia 4500 | ||
|---|---|---|---|
| 003 | SGT | ||
| 020 | _a8120002725 | ||
| 082 |
_a621.8 _bLAL |
||
| 100 | _aLal,Jagdish | ||
| 245 | _aTheory of mechanisms and machines | ||
| 260 |
_bMetropolitan Book Co Private Ltd. _aNew Delhi _c2006 |
||
| 300 | _a975p. | ||
| 650 | _aMECHANICAL ENGINEERING | ||
| 653 | _aBASIC CONCEPTS OF MECHANISMS &MACHINES, COMPUTER AIDED ANALYSIS & SYNTHESIS OF MECHANISMS,BRAKES AND DYNAMOMETERS | ||
| 942 |
_2ddc _cBK |
||
| 999 |
_c5074 _d5074 |
||